LIBRARY & INFORMATION CENTRE, KCAET, TAVANUR

ONLINE PUBLIC ACCESS CATALOGUE (OPAC)

Introduction to Food Toxicology (Record no. 14630)

MARC details
000 -LEADER
fixed length control field 00419nam a22001577a 4500
020 ## - INTERNATIONAL STANDARD BOOK NUMBER
ISBN 9789351070139
082 ## - DEWEY DECIMAL CLASSIFICATION NUMBER
Classification number 664.
Item number SHI/IN
100 ## - MAIN ENTRY--AUTHOR NAME
Personal name Shibamoto,Takayuki
100 ## - MAIN ENTRY--AUTHOR NAME
Personal name Bjeldanes, Leonard F.
245 ## - TITLE STATEMENT
Title Introduction to Food Toxicology
250 ## - EDITION STATEMENT
Edition statement 2 nd
260 ## - PUBLICATION, DISTRIBUTION, ETC. (IMPRINT)
Place of publication Amsterdam
Name of publisher AP, Elsevier
Year of publication 2013
300 ## - PHYSICAL DESCRIPTION
Number of Pages 309
490 ## - SERIES STATEMENT
Series statement Food Science and Technology, International Series
942 ## - ADDED ENTRY ELEMENTS (KOHA)
Koha item type Books
Holdings
Withdrawn status Lost status Damaged status Collection code Home library Current library Shelving location Date acquired Source of acquisition Cost, normal purchase price Full call number Accession Number Koha item type
        KAUAET KAUAET General Stacks 21/07/2016 Dream Tech, Trivandrum 2495.00 664. SHI/IN 24785 Books
free website counter